Normal view
MARC view
- Deploying IPv6 Networks
Entry Topical Term
001 - CONTROL NUMBER
- control field: 312
003 - CONTROL NUMBER IDENTIFIER
- control field: JO-AjAnu
005 - DATE AND TIME OF LATEST TRANSACTION
- control field: 20230606070345.0
008 - FIXED-LENGTH DATA ELEMENTS
- fixed length control field: 230606|| aca||aabn | a|a d
040 ## - CATALOGING SOURCE
- Original cataloging agency: JO-AjAnu
- Transcribing agency: JO-AjAnu
150 ## - HEADING--TOPICAL TERM
- Topical term or geographic name entry element: Deploying IPv6 Networks
670 ## - SOURCE DATA FOUND
- Source citation: Work cat.: (JO-AjAnu)164: Popoviciu , Ciprian/ Eric levy abegonli. Patrick Grossette, author 311, Deploying IPv6 Networks